| 000 | 00598nam a2200181Ia 4500 | ||
|---|---|---|---|
| 003 | GCL | ||
| 005 | 20240530104652.0 | ||
| 008 | 140319s9999 xx 000 0 ara d | ||
| 040 |
_aGCL / _cGCL |
||
| 082 | 0 | 4 |
_a227.6 _bم ت |
| 100 | 1 | _aمحمد محيى الدين عبدالحميد | |
| 245 | 1 | 0 |
_aتفسير القران العظيم : جزء عم يتسائلون / _cمحمد محيى الدين عبدالحميد |
| 300 | _a382 ص | ||
| 490 |
_aالهيئة العامة للاستعلامات _v0 |
||
| 650 | 0 | 4 | _aالاسلام |
| 650 | 0 | 4 | _aالقران - تفسير |
| 942 |
_2ddc _cBK |
||
| 999 |
_c49680 _d49680 |
||